Datum a čas kvízu
29.5
Celkem bodů
Celkový počet nahraných bodů na tomto kvízu bez doplňovacích otázek.
4.
Pořadí na kvízu
Konečné umístění týmu na tomto kvízu.
Zaznamenané odpovědi
| # | Otázka | Odpověď | Body | Výsledky |
|---|---|---|---|---|
| 1. | Nové politické hnutí bývalého... | Martin Kuba; Jihočeský | 1 | |
| 2. | Jeden americký stát zasáhla vl... | Florida | 1 | |
| 3. | Jak se jmenuje festival zaměře... | D) P*fest | 1 | |
| 4. | Do aukční historie se nově zap... | Rembrandt (Harmenszoon van Rijn) | 0 | |
| 5. | Německá olympionička Franziska... | A | 0 | |
| 6. | 17. února 1600 byl na Campo de... | Giordano Bruno | 1 | |
| 7. | 8. února 1700 se narodil Danie... | A) proudění tekutin | 1 | |
| 8. | Za kulatý letopočet budeme dne... | Burgtheater | 0 | |
| 9. | 19. března 1900 se v Paříži na... | Frédéric Joliot-Curie | 0 | |
| 10. | Od 15. září do 1. října 2000 s... | Štěpánka Hilgertová; Sydney | 1 |